[Event "Titled Tuesday intern op 25th Feb Early"]
[Site "Chess.com INT"]
[Date "2025.02.25"]
[Round "9"]
[White "Lukachewski Junior, Wanderlei"]
[Black "Papayan, Oleg"]
[Result "0-1"]
[WhiteElo "2049"]
[BlackElo "2183"]
[PlyCount "112"]
[EventDate "2025.02.25"]
[EventType "swiss (blitz)"]
[EventRounds "11"]
[EventCountry "USA"]
[SourceTitle "CB10_2025"]
[SourceDate "2025.03.05"]
[SourceVersion "1"]
[SourceVersionDate "2025.03.05"]
[SourceQuality "1"]

1. d4 d5 2. c4 dxc4 3. e4 Nf6 4. e5 Nd5 5. Bxc4 Bf5 6. Nf3 e6 7. 0-0 c5 8. Nc3 Nxc3 9. bxc3 Be7 10. Bb5+ Nd7 11. Qa4 a6 12. Bxd7+ Qxd7 13. Qxd7+ Kxd7 14. Be3 Rhc8 15. Rfd1 c4 16. h3 Bc2 17. Rd2 Be4 18. Ng5 Bd5 19. Nxf7 h6 20. Nd6 Bxd6 21. exd6 Kxd6 22. Bf4+ Kd7 23. Be5 g6 24. a4 b5 25. axb5 axb5 26. Rxa8 Rxa8 27. Rb2 Ra1+ 28. Kh2 Kc6 29. Bg7 h5 30. Bf8 Rc1 31. Bb4 Ra1 32. Re2 Kd7 33. Re5 Ke8 34. g4 h4 35. Rxd5 exd5 36. Kg2 Rb1 37. Ba5 b4 38. cxb4 c3 39. b5 c2 40. Bd2 c1Q 41. Bxc1 Rxc1 42. g5 Rb1 43. Kf3 Rxb5 44. Kg4 Rb4 45. Kxh4 Rxd4+ 46. Kg3 Re4 47. f3 Re7 48. Kf4 d4 49. h4 d3 50. Kg4 d2 51. h5 gxh5+ 52. Kxh5 d1Q 53. Kg4 Re4+ 54. Kf5 Qxf3+ 55. Kg6 Rg4 56. Kh5 Qf5 0-1

[Event "Titled Tuesday intern op 25th Feb Early"]
[Site "Chess.com INT"]
[Date "2025.02.25"]
[Round "1"]
[White "Papayan, Oleg"]
[Black "Siekanska, Zuzanna"]
[Result "1-0"]
[WhiteElo "2183"]
[BlackElo "1864"]
[PlyCount "35"]
[EventDate "2025.02.25"]
[EventType "swiss (blitz)"]
[EventRounds "11"]
[EventCountry "USA"]
[SourceTitle "CB10_2025"]
[SourceDate "2025.03.05"]
[SourceVersion "1"]
[SourceVersionDate "2025.03.05"]
[SourceQuality "1"]

1. d4 d5 2. Nc3 e6 3. Bf4 Nf6 4. Nb5 Bb4+ 5. c3 Ba5 6. a4 a6 7. b4 axb5 8. axb5 0-0 9. bxa5 Ne4 10. Qc2 c6 11. b6 Nd7 12. Bc7 Qh4 13. g3 Qf6 14. f3 Ng5 15. h4 Qh6 16. Bg2 e5 17. hxg5 Qxg5 18. Qxh7# 1-0

[Event "Titled Tuesday intern op 11th Feb Early"]
[Site "Chess.com INT"]
[Date "2025.02.11"]
[Round "9"]
[White "Korchmar, Vasiliy"]
[Black "Papayan, Oleg"]
[Result "1-0"]
[WhiteElo "2429"]
[BlackElo "2183"]
[PlyCount "59"]
[EventDate "2025.02.11"]
[EventType "swiss (blitz)"]
[EventRounds "11"]
[EventCountry "USA"]
[SourceTitle "CB08_2025"]
[SourceDate "2025.02.19"]
[SourceVersion "1"]
[SourceVersionDate "2025.02.19"]
[SourceQuality "1"]

1. d4 d5 2. Bg5 f6 3. Bf4 Nc6 4. Nf3 g5 5. Bg3 h5 6. h3 h4 7. Bh2 Bg7 8. e3 e5 9. dxe5 Nxe5 10. c4 Nxc4 11. Bxc4 dxc4 12. Qa4+ c6 13. Qxc4 Ne7 14. 0-0 Qd5 15. Qb4 a5 16. Qa3 Bxh3 17. Nc3 Qf5 18. Ne1 Bg4 19. f3 Bh5 20. Ne4 Qe6 21. Nd6+ Kf8 22. Nc2 f5 23. Nd4 Bxd4 24. exd4 f4 25. Rfe1 Qd7 26. Kh1 Rd8 27. Nc4 Qxd4 28. Qxe7+ Kg8 29. Qxg5+ Kh7 30. Qxh5+ 1-0

[Event "Titled Tuesday intern op 04th Feb Late"]
[Site "Chess.com INT"]
[Date "2025.02.04"]
[Round "4"]
[White "Papayan, Oleg"]
[Black "Dubreuil, Julien"]
[Result "1-0"]
[WhiteElo "2183"]
[BlackElo "2091"]
[PlyCount "77"]
[EventDate "2025.02.04"]
[EventType "swiss (blitz)"]
[EventRounds "11"]
[EventCountry "USA"]
[SourceTitle "CB07_2025"]
[SourceDate "2025.02.12"]
[SourceVersion "1"]
[SourceVersionDate "2025.02.12"]
[SourceQuality "1"]

1. d4 d5 2. Nc3 Nf6 3. Bf4 a6 4. e3 e6 5. g4 Bb4 6. Nge2 0-0 7. g5 Nh5 8. h4 Nxf4 9. Nxf4 c5 10. a3 Bxc3+ 11. bxc3 Qa5 12. Qd2 Nc6 13. h5 e5 14. Nxd5 cxd4 15. c4 dxe3 16. fxe3 Qxd2+ 17. Kxd2 Be6 18. h6 Bxd5 19. cxd5 Ne7 20. hxg7 Rfc8 21. e4 Ng6 22. Rb1 b5 23. a4 bxa4 24. c4 Rc5 25. Kc3 Rac8 26. Ra1 Nf4 27. Rxa4 a5 28. Bd3 Kxg7 29. Rb1 Kg6 30. Rb7 Kxg5 31. Rxf7 h5 32. Rf5+ Kg4 33. Rxe5 h4 34. Ra1 Nxd3 35. Kxd3 Rxc4 36. Rg1+ Kh3 37. Reg5 a4 38. d6 R4c6 39. Rh1# 1-0

[Event "Titled Tuesday intern op 04th Feb Late"]
[Site "Chess.com INT"]
[Date "2025.02.04"]
[Round "2"]
[White "Papayan, Oleg"]
[Black "Gatineau, Yovann"]
[Result "1/2-1/2"]
[WhiteElo "2183"]
[BlackElo "2358"]
[PlyCount "93"]
[EventDate "2025.02.04"]
[EventType "swiss (blitz)"]
[EventRounds "11"]
[EventCountry "USA"]
[SourceTitle "CB07_2025"]
[SourceDate "2025.02.12"]
[SourceVersion "1"]
[SourceVersionDate "2025.02.12"]
[SourceQuality "1"]

1. d4 b6 2. e4 e6 3. Nc3 Bb7 4. Bd3 d6 5. Nf3 Nd7 6. 0-0 Ngf6 7. Re1 Be7 8. e5 dxe5 9. dxe5 Nd5 10. Ne4 Nc5 11. Bb5+ c6 12. Nxc5 Bxc5 13. Bd3 Qc7 14. c3 a5 15. Qe2 Ne7 16. Ng5 Ng6 17. Kh1 0-0-0 18. f4 Nh4 19. Ne4 Be7 20. Be3 f5 21. exf6 gxf6 22. Rad1 c5 23. Ba6 Qc6 24. Bxb7+ Kxb7 25. Bf2 Nxg2 26. Kxg2 f5 27. Kf3 Rxd1 28. Rxd1 Rf8 29. Qd3 fxe4+ 30. Qxe4 Kc7 31. Qxc6+ Kxc6 32. Ke4 Bd6 33. Be3 Rg8 34. Rg1 Rxg1 35. Bxg1 a4 36. c4 b5 37. b3 axb3 38. axb3 bxc4 39. bxc4 Kd7 40. Bf2 Ke7 41. Bh4+ Kf7 42. h3 Kg6 43. Bd8 Kf7 44. Bh4 Kg6 45. Bd8 Kf7 46. Bg5 Kg6 47. Bd8 1/2-1/2

[Event "Titled Tuesday intern op 04th Feb Late"]
[Site "Chess.com INT"]
[Date "2025.02.04"]
[Round "9"]
[White "Von Naso, Lancelot"]
[Black "Papayan, Oleg"]
[Result "1-0"]
[WhiteElo "2207"]
[BlackElo "2183"]
[PlyCount "43"]
[EventDate "2025.02.04"]
[EventType "swiss (blitz)"]
[EventRounds "11"]
[EventCountry "USA"]
[SourceTitle "CB07_2025"]
[SourceDate "2025.02.12"]
[SourceVersion "1"]
[SourceVersionDate "2025.02.12"]
[SourceQuality "1"]

1. f4 Nf6 2. Nf3 c5 3. g3 Nc6 4. Bg2 g6 5. 0-0 Bg7 6. d3 d5 7. Nc3 d4 8. Ne4 Nxe4 9. dxe4 e5 10. e3 0-0 11. f5 gxf5 12. Nh4 fxe4 13. Bxe4 f5 14. Nxf5 Bxf5 15. Bxf5 Ne7 16. Bd3 Qd6 17. Bd2 Nd5 18. Qh5 Nf6 19. Rxf6 Rxf6 20. Qxh7+ Kf8 21. Bc4 dxe3 22. Bxe3 1-0

[Event "Titled Tuesday intern op 28th Jan Early"]
[Site "Chess.com INT"]
[Date "2025.01.28"]
[Round "8"]
[White "Papayan, Oleg"]
[Black "Borgaonkar, Akshay"]
[Result "1-0"]
[WhiteElo "2183"]
[BlackElo "2418"]
[PlyCount "99"]
[EventDate "2025.01.28"]
[EventType "swiss (blitz)"]
[EventRounds "11"]
[EventCountry "USA"]
[SourceTitle "CB06_2025"]
[SourceDate "2025.02.05"]
[SourceVersion "1"]
[SourceVersionDate "2025.02.05"]
[SourceQuality "1"]

1. d4 Nf6 2. Nc3 d5 3. Bf4 Bd7 4. e3 e6 5. Nb5 Bxb5 6. Bxb5+ c6 7. Bd3 Bd6 8. Nf3 Bxf4 9. exf4 c5 10. dxc5 Qa5+ 11. c3 Qxc5 12. 0-0 0-0 13. Ne5 Nc6 14. Re1 g6 15. Qe2 Nxe5 16. fxe5 Nd7 17. Kh1 Qb6 18. f4 Rad8 19. Rad1 Qc7 20. h4 Nc5 21. Bc2 Qe7 22. Qf2 b6 23. Re3 h5 24. Kh2 Rd7 25. Kh3 Rfd8 26. Rd4 Kf8 27. Qe2 Rc7 28. g4 hxg4+ 29. Qxg4 Ke8 30. Kg2 Kd7 31. Rxd5+ Kc8 32. Rxd8+ Qxd8 33. b4 Qd5+ 34. Qf3 Qxa2 35. Re2 Nb7 36. Bxg6 Qc4 37. Be4 Nd8 38. h5 f5 39. exf6 Rf7 40. Bg6 Rxf6 41. Qa8+ Kc7 42. Rd2 Nb7 43. Qe8 Qxf4 44. Rd7+ Kc6 45. Rd4+ Kc7 46. Rxf4 Rxf4 47. Qe7+ Kb8 48. h6 Rg4+ 49. Kh3 Rxg6 50. Qe8+ 1-0

[Event "Titled Tuesday intern op 28th Jan Early"]
[Site "Chess.com INT"]
[Date "2025.01.28"]
[Round "7"]
[White "Papayan, Oleg"]
[Black "Rushbrooke, Remy"]
[Result "1-0"]
[WhiteElo "2183"]
[BlackElo "2100"]
[PlyCount "165"]
[EventDate "2025.01.28"]
[EventType "swiss (blitz)"]
[EventRounds "11"]
[EventCountry "USA"]
[SourceTitle "CB06_2025"]
[SourceDate "2025.02.05"]
[SourceVersion "1"]
[SourceVersionDate "2025.02.05"]
[SourceQuality "1"]

1. d4 g6 2. e4 Bg7 3. Nc3 d6 4. Bg5 a6 5. Qd2 b5 6. h4 h6 7. Be3 Bb7 8. f3 Nd7 9. h5 g5 10. Nge2 c5 11. Ng3 e6 12. d5 Qc7 13. dxe6 fxe6 14. Bxb5 axb5 15. Nxb5 Qa5 16. Nxd6+ Ke7 17. Nxb7 Qxd2+ 18. Kxd2 Bxb2 19. Rab1 Ba3 20. Rb5 Bb4+ 21. Kc1 Rxa2 22. Kb1 Ra3 23. Bxc5+ Bxc5 24. Nxc5 Ngf6 25. Nb3 Rc8 26. Rd1 Ra7 27. Kb2 Rac7 28. Rd2 Rc3 29. Rb7 R8c7 30. Rxc7 Rxc7 31. Rd1 Nb6 32. Na5 Rc5 33. Nb3 Nc4+ 34. Kc3 Rc7 35. Ra1 Ne3+ 36. Kd3 Nxg2 37. Nd4 Nf4+ 38. Kd2 N6xh5 39. Nxh5 Nxh5 40. Rh1 Nf4 41. Rxh6 Rd7 42. Rh7+ Ke8 43. Rh8+ Ke7 44. Rh7+ Ke8 45. Rxd7 Kxd7 46. Ke3 Ng6 47. Ne2 Ne5 48. Nd4 Nc4+ 49. Kd3 Ne5+ 50. Ke2 Nc4 51. Nb5 Kc6 52. Nc3 Kd7 53. Nd1 Kd6 54. Ne3 Ne5 55. Ng4 Ng6 56. Ke3 Nf4 57. Nf2 Ng2+ 58. Kd2 Nf4 59. Ke3 Ke5 60. Nd3+ Nxd3 61. cxd3 Kd6 62. d4 Kc6 63. Kd3 Kd6 64. Kc4 Kc6 65. Kb4 Kd6 66. Kb5 Kd7 67. Kc5 Ke7 68. Kc6 Kf6 69. Kd6 Kf7 70. e5 Kg6 71. Kxe6 Kh5 72. d5 g4 73. fxg4+ Kxg4 74. d6 Kf4 75. d7 Ke4 76. d8Q Kf4 77. Qf6+ Ke4 78. Kf7 Kd4 79. e6+ Kd5 80. e7 Kc5 81. e8Q Kd5 82. Qee5+ Kc4 83. Qff4+ 1-0

[Event "Titled Tuesday intern op 28th Jan Early"]
[Site "Chess.com INT"]
[Date "2025.01.28"]
[Round "3"]
[White "Papayan, Oleg"]
[Black "Svicevic, Rastko"]
[Result "1-0"]
[WhiteElo "2183"]
[BlackElo "2144"]
[PlyCount "93"]
[EventDate "2025.01.28"]
[EventType "swiss (blitz)"]
[EventRounds "11"]
[EventCountry "USA"]
[SourceTitle "CB06_2025"]
[SourceDate "2025.02.05"]
[SourceVersion "1"]
[SourceVersionDate "2025.02.05"]
[SourceQuality "1"]

1. d4 d5 2. Nc3 c6 3. Bf4 g6 4. e3 Bg7 5. h4 Nf6 6. Nf3 Bg4 7. Be2 Nbd7 8. Ne5 Nxe5 9. Bxe5 Bxe2 10. Qxe2 h5 11. 0-0-0 Qd7 12. f3 0-0-0 13. Kb1 Ne8 14. Bg3 Nd6 15. Na4 b6 16. Rc1 Kb7 17. Rhd1 Qe6 18. Qd3 Bh6 19. Bf2 Qf5 20. Qb3 Nb5 21. Ka1 Nd6 22. Nc5+ Ka8 23. Nd3 Qc8 24. Ne5 Rhg8 25. c4 f6 26. cxd5 fxe5 27. Rxc6 Qb7 28. dxe5 Nc8 29. e4 e6 30. Rd3 Rge8 31. Rdc3 exd5 32. exd5 Rxe5 33. Qc4 Ree8 34. a4 Bd2 35. Rc7 Qb8 36. Rc2 Nd6 37. Qc6+ Nb7 38. Rxd2 Rd6 39. Qc4 Na5 40. Qc2 Red8 41. Bg3 Nb7 42. Bxd6 Nxd6 43. Qc6+ Nb7 44. d6 Re8 45. d7 Re1+ 46. Ka2 Re7 47. Rc8 1-0

[Event "Titled Tuesday intern op 21st Jan Late"]
[Site "Chess.com INT"]
[Date "2025.01.21"]
[Round "3"]
[White "Jing, Andrew"]
[Black "Papayan, Oleg"]
[Result "0-1"]
[WhiteElo "2226"]
[BlackElo "2183"]
[PlyCount "32"]
[EventDate "2025.01.21"]
[EventType "swiss (blitz)"]
[EventRounds "11"]
[EventCountry "USA"]
[SourceTitle "CB05_2025"]
[SourceDate "2025.01.29"]
[SourceVersion "1"]
[SourceVersionDate "2025.01.29"]
[SourceQuality "1"]

1. d4 d5 2. c4 dxc4 3. Nf3 Nf6 4. e3 Bg4 5. Bxc4 e6 6. h3 Bh5 7. 0-0 Nc6 8. Nbd2 Bd6 9. Qb3 Na5 10. Qa4+ c6 11. Be2 b5 12. Bxb5 cxb5 13. Qxb5+ Kf8 14. b4 Rb8 15. Qxa5 Bxb4 16. Ba3 Qxa5 0-1

[Event "Titled Tuesday intern op 14th Jan Early"]
[Site "Chess.com INT"]
[Date "2025.01.14"]
[Round "1"]
[White "Juhasz, Judit"]
[Black "Papayan, Oleg"]
[Result "0-1"]
[WhiteElo "2015"]
[BlackElo "2183"]
[PlyCount "58"]
[EventDate "2025.01.14"]
[EventType "swiss (blitz)"]
[EventRounds "11"]
[EventCountry "USA"]
[SourceTitle "CB04_2025"]
[SourceDate "2025.01.22"]
[SourceVersion "1"]
[SourceVersionDate "2025.01.22"]
[SourceQuality "1"]

1. e4 d5 2. exd5 Qxd5 3. Nc3 Qd8 4. d4 c6 5. Nf3 Bf5 6. Be3 e6 7. Bd3 Bg6 8. Bxg6 hxg6 9. Qd2 Nf6 10. 0-0-0 Bb4 11. a3 Ne4 12. Qd3 Nxc3 13. bxc3 Bxa3+ 14. Kd2 Nd7 15. Rhe1 b5 16. Ra1 Nb6 17. Ne5 Bd6 18. Nxc6 Qd7 19. Qxb5 0-0 20. Nxa7 Rxa7 21. Qxb6 Rb7 22. Qa6 Rc8 23. Reb1 Rbc7 24. Rb3 Bxh2 25. g3 Qd5 26. Bf4 Rc6 27. Qe2 f6 28. Ra7 e5 29. Rb6 Rxb6 0-1

[Event "Titled Tuesday intern op 14th Jan Early"]
[Site "Chess.com INT"]
[Date "2025.01.14"]
[Round "10"]
[White "Papayan, Oleg"]
[Black "Ahmad, Khagan"]
[Result "0-1"]
[WhiteElo "2183"]
[BlackElo "2406"]
[PlyCount "54"]
[EventDate "2025.01.14"]
[EventType "swiss (blitz)"]
[EventRounds "11"]
[EventCountry "USA"]
[SourceTitle "CB04_2025"]
[SourceDate "2025.01.22"]
[SourceVersion "1"]
[SourceVersionDate "2025.01.22"]
[SourceQuality "1"]

1. d4 Nf6 2. Nc3 d5 3. Bf4 c5 4. e4 Nxe4 5. Nxe4 dxe4 6. dxc5 Qa5+ 7. c3 Qxc5 8. Qa4+ Nc6 9. Qxe4 g6 10. Nf3 Bg7 11. Rd1 0-0 12. Be3 Qa5 13. Bc4 Bf5 14. Qh4 b5 15. Bd5 Rad8 16. Bxc6 Rxd1+ 17. Kxd1 Qxa2 18. Be4 Qa4+ 19. Ke1 Bxe4 20. Nd2 Qa1+ 21. Ke2 Qxh1 22. Qxe4 Qxh2 23. Bxa7 Rd8 24. Qxe7 Qh5+ 25. Nf3 Qd5 26. Be3 Qd3+ 27. Ke1 Qd1# 0-1

[Event "Titled Tuesday intern op 14th Jan Early"]
[Site "Chess.com INT"]
[Date "2025.01.14"]
[Round "5"]
[White "Papayan, Oleg"]
[Black "Melikhov, Evgeny V"]
[Result "1-0"]
[WhiteElo "2183"]
[BlackElo "2138"]
[PlyCount "61"]
[EventDate "2025.01.14"]
[EventType "swiss (blitz)"]
[EventRounds "11"]
[EventCountry "USA"]
[SourceTitle "CB04_2025"]
[SourceDate "2025.01.22"]
[SourceVersion "1"]
[SourceVersionDate "2025.01.22"]
[SourceQuality "1"]

1. d4 Nf6 2. Nc3 d5 3. Bf4 c5 4. e4 cxd4 5. Qxd4 Nc6 6. Bb5 Bd7 7. Bxc6 Bxc6 8. e5 Nd7 9. e6 fxe6 10. Nf3 Qb6 11. Qd2 d4 12. Qxd4 Bxf3 13. Qxb6 Nxb6 14. gxf3 g6 15. Be5 Rg8 16. Ne4 Bg7 17. Bxg7 Rxg7 18. Nc5 Rc8 19. Nxe6 Rf7 20. Nd4 e5 21. Nb5 Ke7 22. 0-0-0 Rxf3 23. Rd2 Rc5 24. Nd6 Nc4 25. Nxc4 Rxc4 26. Rhd1 Rc7 27. Re1 Ke6 28. c3 Rc4 29. Rd8 Rh4 30. Re8+ Kf6 31. Rf8+ 1-0

[Event "Titled Tuesday intern op 17th Sep Early"]
[Site "Chess,com INT"]
[Date "2024.09.17"]
[Round "2"]
[White "Lopez Abreu, Michel Samuel"]
[Black "Papayan, Oleg"]
[Result "0-1"]
[WhiteElo "2038"]
[BlackElo "2183"]
[PlyCount "106"]
[EventDate "2024.09.17"]
[EventType "swiss (blitz)"]
[EventRounds "11"]
[EventCountry "USA"]
[SourceTitle "EXT 2025"]
[Source "ChessBase"]
[SourceDate "2024.10.14"]
[SourceVersion "1"]
[SourceVersionDate "2024.10.14"]
[SourceQuality "1"]

1. Nf3 Nf6 2. e3 d5 3. c4 c5 4. d4 cxd4 5. exd4 g6 6. cxd5 Nxd5 7. Qb3 Bg7 8. Bc4 e6 9. Bg5 Qa5+ 10. Bd2 Qd8 11. Bg5 Qd6 12. Bxd5 Qxd5 13. Qa3 f6 14. Be3 Nc6 15. Nc3 Qc4 16. Rc1 Bf8 17. Qa4 Qxa4 18. Nxa4 Bb4+ 19. Nc3 Kf7 20. 0-0 Rd8 21. a3 Ba5 22. Rfd1 Ne7 23. Nb5 a6 24. Nc3 Bxc3 25. bxc3 b5 26. Nd2 Nf5 27. Ne4 Bb7 28. Nc5 Bd5 29. Bf4 g5 30. Bd2 Nd6 31. Be3 Nc4 32. Re1 Nxa3 33. Ra1 Nc2 34. Rac1 Nxe1 35. Rxe1 a5 36. g3 a4 37. Ra1 a3 38. Bc1 a2 39. Bb2 Rdb8 40. Nd3 Bc4 41. Nb4 Rb6 42. Kg2 Rd6 43. h3 e5 44. dxe5 fxe5 45. Kf3 Kf6 46. Ke3 h5 47. f3 Kf5 48. g4+ Kg6 49. gxh5+ Kxh5 50. Ke4 Rd2 51. Kf5 Rxb2 52. Nc6 Rb1 53. Ne7 Rxa1 0-1

[Event "Titled Tuesday intern op 17th Sep Early"]
[Site "Chess,com INT"]
[Date "2024.09.17"]
[Round "11"]
[White "Novak, Ratko"]
[Black "Papayan, Oleg"]
[Result "1-0"]
[WhiteElo "2034"]
[BlackElo "2183"]
[PlyCount "65"]
[EventDate "2024.09.17"]
[EventType "swiss (blitz)"]
[EventRounds "11"]
[EventCountry "USA"]
[SourceTitle "EXT 2025"]
[Source "ChessBase"]
[SourceDate "2024.10.14"]
[SourceVersion "1"]
[SourceVersionDate "2024.10.14"]
[SourceQuality "1"]

1. d4 d5 2. c4 dxc4 3. e3 Nf6 4. Bxc4 e6 5. Nc3 c5 6. Nf3 a6 7. a4 Nc6 8. 0-0 cxd4 9. exd4 Be7 10. Be3 0-0 11. Qe2 Nb4 12. Rfd1 Nbd5 13. Ne5 Bd7 14. Nxd5 Nxd5 15. Bxd5 exd5 16. Nxd7 Qxd7 17. b3 Bf6 18. Rdc1 Rac8 19. Qf3 Rc6 20. Rxc6 bxc6 21. Rc1 Rb8 22. Rc3 Rb4 23. Qd1 g6 24. h3 h5 25. Qd3 Qb7 26. g3 Qb6 27. Qc2 Bxd4 28. Rxc6 Qb7 29. Rc8+ Kh7 30. Rc7 Qb6 31. Rxf7+ Kg8 32. Rd7 Qb8 33. Qxg6+ 1-0

[Event "Titled Tuesday intern op 17th Sep Early"]
[Site "Chess,com INT"]
[Date "2024.09.17"]
[Round "5"]
[White "Papayan, Oleg"]
[Black "Fromm, Marius"]
[Result "0-1"]
[WhiteElo "2183"]
[BlackElo "2477"]
[PlyCount "92"]
[EventDate "2024.09.17"]
[EventType "swiss (blitz)"]
[EventRounds "11"]
[EventCountry "USA"]
[SourceTitle "EXT 2025"]
[Source "ChessBase"]
[SourceDate "2024.10.14"]
[SourceVersion "1"]
[SourceVersionDate "2024.10.14"]
[SourceQuality "1"]

1. d4 Nf6 2. Nc3 d5 3. Bf4 a6 4. e3 e6 5. a3 c5 6. Nf3 Nc6 7. h3 b5 8. dxc5 Bxc5 9. Bd3 0-0 10. 0-0 Qe7 11. e4 d4 12. Ne2 e5 13. Bh2 Rd8 14. Ng3 g6 15. Qd2 b4 16. a4 Kg7 17. b3 Nd7 18. Rae1 Bd6 19. Qe2 Nc5 20. Nd2 Nxd3 21. cxd3 Be6 22. Rc1 Rac8 23. Nc4 Bxc4 24. dxc4 Na5 25. Qd3 Nb7 26. Rfd1 Nc5 27. Qf3 Qh4 28. Qg4 Qxg4 29. hxg4 Nxb3 30. Rb1 Na5 31. Ne2 Nxc4 32. f4 f6 33. g5 a5 34. gxf6+ Kxf6 35. fxe5+ Bxe5 36. Rf1+ Ke6 37. Nf4+ Bxf4 38. Rxf4 Rf8 39. Rh4 h5 40. Rd1 Rcd8 41. Bc7 Rd7 42. Bg3 d3 43. e5 Ne3 44. Rd2 Rf1+ 45. Kh2 Ng4+ 46. Kh3 Rh1+ 0-1

[Event "Titled Tuesday intern op 17th Sep Early"]
[Site "Chess,com INT"]
[Date "2024.09.17"]
[Round "10"]
[White "Sarkar, Justin"]
[Black "Papayan, Oleg"]
[Result "1-0"]
[WhiteElo "2273"]
[BlackElo "2183"]
[PlyCount "93"]
[EventDate "2024.09.17"]
[EventType "swiss (blitz)"]
[EventRounds "11"]
[EventCountry "USA"]
[SourceTitle "EXT 2025"]
[Source "ChessBase"]
[SourceDate "2024.10.14"]
[SourceVersion "1"]
[SourceVersionDate "2024.10.14"]
[SourceQuality "1"]

1. e4 e5 2. Nf3 Nf6 3. Nxe5 d6 4. Nf3 Nxe4 5. d4 d5 6. Bd3 Bd6 7. 0-0 0-0 8. c4 c6 9. Qc2 h6 10. Bxe4 dxe4 11. Qxe4 Re8 12. Qd3 Bg4 13. h3 Bh5 14. Nbd2 Nd7 15. b3 Nc5 16. Qc3 Ne4 17. Nxe4 Rxe4 18. Bb2 Qf6 19. Rae1 Rae8 20. Ne5 Bxe5 21. dxe5 Qg6 22. Rxe4 Qxe4 23. e6 f6 24. Re1 Qf4 25. e7 Qd6 26. Qe3 b6 27. c5 Qxc5 28. Qxc5 bxc5 29. Ba3 c4 30. bxc4 Bf7 31. Rc1 Be6 32. Bd6 Kf7 33. a4 a6 34. c5 Bb3 35. a5 Ba4 36. Rb1 Bb5 37. f4 f5 38. Kf2 Ke6 39. Ke3 g5 40. g3 Kd5 41. Rd1+ Ke6 42. Kd4 gxf4 43. Re1+ Kf7 44. gxf4 Rg8 45. Ke5 Bd3 46. Rd1 Be4 47. Rd4 1-0

[Event "Titled Tuesday intern op 10th Sep Late"]
[Site "Chess,com INT"]
[Date "2024.09.10"]
[Round "6"]
[White "Chassard, Cedric"]
[Black "Papayan, Oleg"]
[Result "0-1"]
[WhiteElo "2289"]
[BlackElo "2183"]
[PlyCount "106"]
[EventDate "2024.09.10"]
[EventType "swiss (blitz)"]
[EventRounds "11"]
[EventCountry "USA"]
[SourceTitle "EXT 2025"]
[Source "ChessBase"]
[SourceDate "2024.10.14"]
[SourceVersion "1"]
[SourceVersionDate "2024.10.14"]
[SourceQuality "1"]

1. a3 d5 2. d4 Nc6 3. Nf3 Bf5 4. e3 g6 5. c4 e6 6. cxd5 exd5 7. Qb3 Rb8 8. Nc3 Nge7 9. Bb5 Bg7 10. Bd2 0-0 11. 0-0 a6 12. Bxc6 bxc6 13. Qa4 Rxb2 14. Qxa6 Qa8 15. Qxa8 Rxa8 16. a4 Be4 17. Nxe4 dxe4 18. Bc1 Rb4 19. Ng5 f5 20. a5 Rb5 21. Bd2 Nd5 22. Ne6 Kf7 23. Ng5+ Ke7 24. Nxh7 Rb2 25. Bc1 Rb5 26. Ba3+ Kd7 27. Bc5 Rbxa5 28. Rxa5 Rxa5 29. Ng5 Bf6 30. Nh3 g5 31. g3 Ke6 32. Kg2 Ra2 33. Re1 g4 34. Ng1 Bg5 35. Kf1 Nc3 36. h3 Kd5 37. hxg4 fxg4 38. Ne2 Nb5 39. Rb1 Rxe2 40. Rxb5 Rxf2+ 41. Kxf2 cxb5 42. Ke2 Kc4 43. Bf8 Kc3 44. d5 Kc4 45. d6 cxd6 46. Bxd6 b4 47. Kd2 Bf6 48. Kc2 b3+ 49. Kd2 Bc3+ 50. Kd1 Kd3 51. Bc5 b2 52. Ba3 b1Q+ 53. Bc1 Qc2# 0-1

[Event "Titled Tuesday intern op 10th Sep Early"]
[Site "Chess,com INT"]
[Date "2024.09.10"]
[Round "11"]
[White "Myagmarsuren, Evsuld"]
[Black "Papayan, Oleg"]
[Result "0-1"]
[WhiteElo "2149"]
[BlackElo "2183"]
[PlyCount "64"]
[EventDate "2024.09.10"]
[EventType "swiss (blitz)"]
[EventRounds "11"]
[EventCountry "USA"]
[SourceTitle "EXT 2025"]
[Source "ChessBase"]
[SourceDate "2024.10.14"]
[SourceVersion "1"]
[SourceVersionDate "2024.10.14"]
[SourceQuality "1"]

1. e4 e5 2. Nf3 Nf6 3. Nxe5 d6 4. Nf3 Nxe4 5. Nc3 Nxc3 6. dxc3 Be7 7. Bd3 0-0 8. Bf4 Nd7 9. Qd2 Nc5 10. h4 Re8 11. 0-0-0 Bg4 12. h5 h6 13. Kb1 Bxf3 14. gxf3 Bg5 15. Rdg1 Nxd3 16. Bxg5 hxg5 17. Qxd3 Qf6 18. h6 g6 19. Rh3 Re5 20. f4 gxf4 21. a3 Kh7 22. Rg4 Rae8 23. Qf3 Qe6 24. b3 g5 25. Rh5 f6 26. Qd3+ Qf5 27. Qc4 R8e7 28. f3 Re1+ 29. Kb2 R1e2 30. a4 a5 31. Ka3 Qxc2 32. Rgxg5 Qb2# 0-1

[Event "Titled Tuesday intern op 10th Sep Early"]
[Site "Chess,com INT"]
[Date "2024.09.10"]
[Round "7"]
[White "Papayan, Oleg"]
[Black "Kumaresh, A."]
[Result "0-1"]
[WhiteElo "2183"]
[BlackElo "2048"]
[PlyCount "72"]
[EventDate "2024.09.10"]
[EventType "swiss (blitz)"]
[EventRounds "11"]
[EventCountry "USA"]
[SourceTitle "EXT 2025"]
[Source "ChessBase"]
[SourceDate "2024.10.14"]
[SourceVersion "1"]
[SourceVersionDate "2024.10.14"]
[SourceQuality "1"]

1. d4 Nf6 2. Nc3 d5 3. Bf4 g6 4. e3 Bg7 5. h4 h5 6. Nf3 0-0 7. Qd2 c5 8. Ne5 Nc6 9. f3 cxd4 10. exd4 Nd7 11. Nxd5 Ndxe5 12. dxe5 Nxe5 13. 0-0-0 Be6 14. Ne3 Qb6 15. c3 Rfd8 16. Qc2 Bxa2 17. Rxd8+ Rxd8 18. Be2 Bb3 19. Qe4 f5 20. Qb4 Qxb4 21. cxb4 Nc6 22. b5 Nd4 23. Re1 Bf6 24. g3 e5 25. Bg5 Bxg5 26. hxg5 Nxe2+ 27. Rxe2 f4 28. gxf4 exf4 29. Nc2 Rc8 30. Kb1 Rxc2 31. Rxc2 Bxc2+ 32. Kxc2 Kf7 33. Kd3 h4 34. Ke2 Ke6 35. Kf2 Kf5 36. b6 axb6 0-1

[Event "Titled Tuesday intern op 10th Sep Early"]
[Site "Chess,com INT"]
[Date "2024.09.10"]
[Round "3"]
[White "Papayan, Oleg"]
[Black "Momunaliev, Ruslan"]
[Result "1-0"]
[WhiteElo "2183"]
[BlackElo "2019"]
[PlyCount "96"]
[EventDate "2024.09.10"]
[EventType "swiss (blitz)"]
[EventRounds "11"]
[EventCountry "USA"]
[SourceTitle "EXT 2025"]
[Source "ChessBase"]
[SourceDate "2024.10.14"]
[SourceVersion "1"]
[SourceVersionDate "2024.10.14"]
[SourceQuality "1"]

1. d4 f5 2. Bg5 g6 3. Nc3 d5 4. h4 h6 5. Bf4 Nf6 6. Nf3 Nc6 7. e3 Be6 8. Bb5 Ng4 9. Na4 Bg7 10. Nc5 Qc8 11. Qd2 0-0 12. Bxc6 bxc6 13. Qc3 Bf7 14. Nd3 Be8 15. Ng1 Nf6 16. f3 Nd7 17. Qxc6 Nb6 18. Qxc7 Qe6 19. Nc5 Qf7 20. Ne2 Nc4 21. b3 Nb6 22. Kf2 Kh7 23. a4 Nc8 24. Qb7 Nd6 25. Qxa8 Bxa4 26. Qxa7 Bb5 27. Bxd6 exd6 28. Qb6 Bxe2 29. Kxe2 dxc5 30. Qxc5 Qd7 31. Ra7 Qe6 32. Qxf8 Qg8 33. Rxg7+ Qxg7 34. Qxg7+ Kxg7 35. b4 g5 36. b5 g4 37. b6 g3 38. f4 Kg6 39. b7 Kh5 40. b8Q Kg4 41. Qg8+ Kh5 42. Qe8+ Kg4 43. Qb5 Kh5 44. Kf3 Kg6 45. h5+ Kf6 46. Qxd5 Kg7 47. Qxf5 Kh8 48. Ra1 Kg8 1-0